Sports Quiz

Random Sports or NCAA Quiz
Score 0/20 Timer 07:00
2 Plays Today
Hint Answer % Correct
NicknameCrimson Tide
74%
Team ColorCrimson
71.4%
Team ColorWhite
66%
CityTuscaloosa
62%
ConferenceSEC
59.3%
StateAlabama
42.1%
Sport w/ most NCAA ChampionshipsFootball (17)
42%
Famous Alum: RB ____ Ingram, JrMark
38.4%
No. of Men's Varsity Sports8
36.7%
Primary RivalAuburn
35.7%
Hint Answer % Correct
Famous Alum: QB ____ NamathJoe
35.7%
No. of Women's Varsity Sports11
35.6%
Famous Alum: QB Bart ____Starr
34.7%
Primary RivalLSU
32.3%
Football StadiumBryant-Denny Stadium
24.8%
MascotBig Al
18.8%
Basketball ArenaColeman Coliseum
13.8%
Athletic DirectorGreg Byrne
12.8%
Fight SongYea Alabama!
11.3%
Baseball StadiumSewel-Thomas Stadium
10.8%
Remove Ads.
Support Sporcle.
Get the best of Sporcle when you Go Orange. This ad-free experience offers more features, more stats, and more fun while also helping to support Sporcle. Thank you for becoming a member.

You're not logged in!

Compare scores with friends on all Sporcle quizzes.
OR
Log In

Show Comments

Extras

Top Quizzes Today


Score Distribution

Your Account Isn't Verified!

In order to create a playlist on Sporcle, you need to verify the email address you used during registration. Go to your Sporcle Settings to finish the process.

Report this User

Report this user for behavior that violates our Community Guidelines.

Details: